Statistics for Έλληνες Πρωθυπουργοί (1974-σήμερα)

Click here to take the quiz!

General Stats

  • This quiz has been taken 651 times
  • The average score is 12 of 18

Answer Stats

Διάρκεια ΘητείαςΠρωθυπουργός% Correct
2019-σήμεραΚυριάκος Μητσοτάκης
99%
1990-1993Κωνστ. Μητσοτάκης
98%
2015-2019Αλέξης Τσίπρας
97%
2015Αλέξης Τσίπρας
97%
1993-1996Ανδρέας Παπανδρέου
95%
1981-1989Ανδρέας Παπανδρέου
95%
2009-2011Γεώργιος Α. Παπανδρέου
95%
1974 - 1980Κωνστ. Γ. Καραμανλής
91%
2004-2009Κωνστ. Α. Καραμανλής
91%
2012-2015Αντώνης Σαμαράς
84%
1996-2004Κωνστ. Σημίτης
76%
1980-1981Γεώργιος Ράλλης
45%
2011-2012Λουκάς Παπαδήμος
37%
1989-1990Ξενοφών Ζολώτας
31%
2015 (υπηρ.)Βασιλική Θάνου
30%
2012 (υπηρ.)Παναγιώτης Πικραμμένος
25%
1989Τζαννής Τζαννετάκης
17%
1989 (υπηρ.)Ιωάννης Γρίβας
12%

Score Distribution

Percentile by Number Answered

Percent of People with Each Score

Your Score History

You have not taken this quiz